000 00369nam a22001217a 4500
999 _c10081
_d10081
003 OSt
008 201218b ||||| |||| 00| 0 eng d
245 _aJournal of Information and Optimization Sciences
250 _a2016(Jul Vol.37 No.4, Sep Vol.37 No.5, Nov Vol.37 No.6)
260 _aNew Delhi
_bTaru Publications
650 _aInformation Technology
942 _2ddc
_cBV